Statistics for Musicians in Movies

Click here to take the quiz!

General Stats

  • This quiz has been taken 39,676 times
    (11,124 since last reset)
  • The average score is 13 of 24

Answer Stats

MovieMusician% Correct
Men in Black | Independence DayWill Smith
86%
A Star is Born (2018) | House of GucciLady Gaga
84%
Blue Hawaii | Viva Las VegasElvis Presley
76%
The Bodyguard | Waiting to ExhaleWhitney Houston
69%
Friday | Boyz n the HoodIce Cube
68%
Evita | A League of Their OwnMadonna
64%
Labyrinth | The PrestigeDavid Bowie
60%
Steel Magnolias | 9 to 5Dolly Parton
59%
Dreamgirls | Austin Powers
in Goldmember
Beyoncé Knowles
58%
Guys and Dolls |
Ocean's Eleven (1960)
Frank Sinatra
55%
Meet the Fockers | YentlBarbra Streisand
54%
Selena | GigliJennifer Lopez
54%
Moonstruck | MermaidsCher
52%
Battleship | Ocean's EightRihanna
49%
Boogie Nights | The DepartedMark Wahlberg
45%
The Social Network | Trouble
with the Curve
Justin Timberlake
44%
Fight Club | The Rocky Horror
Picture Show
Meat Loaf
42%
Beaches | The First Wives ClubBette Midler
41%
Tommy | Mad Max
Beyond Thunderdome
Tina Turner
38%
Don't Worry Darling | My PolicemanHarry Styles
34%
Starsky & Hutch | Soul PlaneSnoop Dogg
34%
Precious | GlitterMariah Carey
32%
Lady Sings the Blues | The WizDiana Ross
30%
Chicago | Bringing Down the HouseQueen Latifah
30%

Score Distribution

Percentile by Number Answered

Percent of People with Each Score

Your Score History

You have not taken this quiz since the last reset